[Event "Scarborough CC Spring Swiss"]
[Site "Toronto CAN"]
[Date "2008.04.10"]
[Round "5"]
[White "Muir, Tom"]
[Black "Rutherdale, William"]
[Result "0-1"]
[WhiteElo "1628"]
[BlackElo "1792"]
[PlyCount "86"]
[GameId "2160767910413177"]
[EventDate "2008.03.13"]
[EventType "swiss"]
[EventRounds "8"]
[EventCountry "CAN"]
[SourceTitle "EXT 2011"]
[Source "ChessBase"]
[SourceDate "2011.11.26"]
[SourceVersion "1"]
[SourceVersionDate "2011.11.26"]
[SourceQuality "1"]

1. d4 Nf6 2. c4 e6 3. Nc3 Bb4 4. Qc2 d5 5. cxd5 Qxd5 6. Nf3 Nc6 7. e3 O-O 8. Bd3 e5 9. O-O Bxc3 10. Qxc3 e4 11. Bc4 Qh5 12. Ne1 Na5 13. f3 Nxc4 14. Qxc4 exf3 15. Nxf3 c6 16. b3 Re8 17. Ne5 Be6 18. Qc2 Rac8 19. e4 c5 20. d5 Qxe5 21. dxe6 Qd4+ 22. Kh1 Rxe6 23. Bb2 Qxe4 24. Qf2 b6 25. Rad1 h6 26. Qg3 Qg6 27. Qf3 Rce8 28. Qf2 Re2 29. Qf3 Rxb2 30. Rf2 Rxf2 31. Qxf2 Qh5 32. Qc2 Qe2 33. Qb1 Ng4 34. Rf1 Nf2+ 35. Kg1 Nd3 36. a3 Qe3+ 37. Kh1 Nf2+ 38. Rxf2 Qxf2 39. h3 Re1+ 40. Qxe1 Qxe1+ 41. Kh2 Qe5+ 42. Kg1 Qa1+ 43. Kf2 Qxa3 0-1

[Event "Scarborough CC Spring Swiss"]
[Site "Toronto CAN"]
[Date "2008.04.10"]
[Round "5"]
[White "Yuan, Yuanling"]
[Black "Hall, John2"]
[Result "1/2-1/2"]
[WhiteElo "2170"]
[BlackElo "2115"]
[PlyCount "26"]
[GameId "2160767910413178"]
[EventDate "2008.03.13"]
[EventType "swiss"]
[EventRounds "8"]
[EventCountry "CAN"]
[SourceTitle "EXT 2011"]
[Source "ChessBase"]
[SourceDate "2011.11.26"]
[SourceVersion "1"]
[SourceVersionDate "2011.11.26"]
[SourceQuality "1"]

1. e4 e5 2. Nf3 Nc6 3. Bb5 a6 4. Ba4 Nf6 5. O-O Nxe4 6. d4 exd4 7. Re1 d5 8. Nxd4 Bd6 9. Nxc6 Bxh2+ 10. Kxh2 Qh4+ 11. Kg1 Qxf2+ 12. Kh2 Qh4+ 13. Kg1 Qf2+ 1/2-1/2

[Event "Scarborough CC Spring Swiss"]
[Site "Toronto CAN"]
[Date "2008.04.17"]
[Round "6"]
[White "Hall, John2"]
[Black "Ferreira, Alex"]
[Result "1-0"]
[WhiteElo "2115"]
[BlackElo "1993"]
[PlyCount "63"]
[GameId "2160767910413179"]
[EventDate "2008.03.13"]
[EventType "swiss"]
[EventRounds "8"]
[EventCountry "CAN"]
[SourceTitle "EXT 2011"]
[Source "ChessBase"]
[SourceDate "2011.11.26"]
[SourceVersion "1"]
[SourceVersionDate "2011.11.26"]
[SourceQuality "1"]

1. Nf3 Nf6 2. c4 c5 3. g3 d5 4. cxd5 Nxd5 5. Bg2 Nc6 6. Nc3 g6 7. O-O Bg7 8. Nxd5 Qxd5 9. d3 Bd7 10. Ng5 Qd4 11. Be3 Qb4 12. Rb1 Nd4 13. a3 Qa5 14. Bxb7 Rb8 15. Bd5 e6 16. Bf4 Rd8 17. Bg2 e5 18. Bd2 Qa4 19. b3 Qa6 20. Ne4 O-O 21. Nxc5 Qxa3 22. b4 Bg4 23. f3 Bf5 24. Ra1 Qb2 25. e3 e4 26. fxe4 Qxa1 27. Qxa1 Ne2+ 28. Kf2 Bxa1 29. Rxa1 Bg4 30. h3 Bc8 31. Kxe2 f5 32. e5 1-0

[Event "Scarborough CC Spring Swiss"]
[Site "Toronto CAN"]
[Date "2008.04.17"]
[Round "6"]
[White "Wang, Jesse BJ"]
[Black "Wu, Kevin"]
[Result "0-1"]
[WhiteElo "1914"]
[BlackElo "1845"]
[PlyCount "102"]
[GameId "2160767910413180"]
[EventDate "2008.03.13"]
[EventType "swiss"]
[EventRounds "8"]
[EventCountry "CAN"]

1. e4 c5 2. Nc3 g6 3. f4 Bg7 4. Nf3 Nc6 5. Bb5 Nd4 6. Nxd4 Bxd4 7. Ne2 Bg7 8. c3 e6 9. O-O Nf6 10. e5 Nd5 11. d4 a6 12. Bc4 Nb6 13. Bb3 c4 14. Bc2 O-O 15. b3 d5 16. exd6 Qxd6 17. a4 Qc7 18. a5 Nd5 19. bxc4 Qxc4 20. Bb3 Qc6 21. c4 Ne7 22. Ba3 Qc7 23. Rc1 Rd8 24. Bc5 Nf5 25. Bb6 Qd6 26. Bxd8 Qxd8 27. Rf3 Qxa5 28. Rd3 b6 29. Qe1 Qxe1+ 30. Rxe1 Bb7 31. d5 exd5 32. cxd5 Rd8 33. g4 Nd6 34. Nc3 b5 35. Ne4 Nc4 36. Nc5 Bc8 37. h3 Nb2 38. Rdd1 Nxd1 39. Rxd1 Bf8 40. Ne4 Bd6 41. f5 gxf5 42. Nf2 fxg4 43. hxg4 Bc5 44. g5 Kg7 45. Kg2 Bxf2 46. Kxf2 Kg6 47. d6 Be6 48. Bd5 Kxg5 49. Bb7 a5 50. Bc6 b4 51. Ke3 Kf5 0-1

[Event "Scarborough CC Spring Swiss"]
[Site "Toronto CAN"]
[Date "2008.04.24"]
[Round "7"]
[White "Casareno, Erwin"]
[Black "Kurkowski, Ken"]
[Result "1-0"]
[WhiteElo "2242"]
[BlackElo "1735"]
[PlyCount "89"]
[GameId "2160767910413181"]
[EventDate "2008.03.13"]
[EventType "swiss"]
[EventRounds "8"]
[EventCountry "CAN"]
[SourceTitle "EXT 2011"]
[Source "ChessBase"]
[SourceDate "2011.11.26"]
[SourceVersion "1"]
[SourceVersionDate "2011.11.26"]
[SourceQuality "1"]

1. e4 e5 2. Nf3 Nc6 3. Bc4 Nf6 4. Ng5 d5 5. exd5 Na5 6. Bb5+ Bd7 7. Qe2 Bd6 8. Bxd7+ Qxd7 9. c4 O-O 10. d3 c6 11. Bd2 b6 12. Bxa5 bxa5 13. dxc6 Qxc6 14. O-O Rfe8 15. Nc3 a6 16. Rac1 Rad8 17. Nge4 Nxe4 18. dxe4 Bc5 19. Nd5 a4 20. Rc3 a5 21. Rg3 Bd4 22. Qg4 Qg6 23. Qh4 Qe6 24. Nf6+ Kf8 25. Nxh7+ Kg8 26. Nf6+ Kf8 27. Nxe8 Rxe8 28. b3 axb3 29. axb3 a4 30. bxa4 Qxc4 31. Qh8+ Ke7 32. Qxg7 Qxa4 33. Rf3 Qc4 34. Rb1 Rf8 35. Rb7+ Ke8 36. h3 Qe6 37. Rb8+ Kd7 38. Qxf8 Kc7 39. Qd8+ Kc6 40. Ra3 Kc5 41. Qc7+ Qc6 42. Qe7+ Qd6 43. Qa7+ Kc4 44. Qa4+ Kc5 45. Qb5# 1-0

[Event "Scarborough CC Spring Swiss"]
[Site "Toronto CAN"]
[Date "2008.04.24"]
[Round "7"]
[White "Fan, Yibing"]
[Black "Maister, Martin"]
[Result "1-0"]
[WhiteElo "1822"]
[BlackElo "1773"]
[PlyCount "67"]
[GameId "2160767910413182"]
[EventDate "2008.03.13"]
[EventType "swiss"]
[EventRounds "8"]
[EventCountry "CAN"]
[SourceTitle "EXT 2011"]
[Source "ChessBase"]
[SourceDate "2011.11.26"]
[SourceVersion "1"]
[SourceVersionDate "2011.11.26"]
[SourceQuality "1"]

1. d4 d5 2. c4 e6 3. Nc3 c5 4. Nf3 Nc6 5. e3 dxc4 6. Bxc4 cxd4 7. exd4 Nf6 8. O-O Be7 9. Bg5 O-O 10. Ne5 Nxd4 11. Qd3 h6 12. Bf4 Nf5 13. Qf3 Qb6 14. b3 Nd7 15. Rad1 Rd8 16. Nxf7 Kxf7 17. g4 Nh4 18. Qe4 Nf6 19. Qe2 Ng6 20. Bg3 Bd7 21. h4 Qa5 22. Rd3 b5 23. Nxb5 Nf8 24. Bc7 Qb4 25. Nd6+ Bxd6 26. Bxd6 Qb7 27. Re1 Re8 28. g5 hxg5 29. hxg5 Nd5 30. Qh5+ Kg8 31. Rf3 Bc6 32. Bxd5 Bxd5 33. Rxf8+ Rxf8 34. g6 1-0

[Event "Scarborough CC Spring Swiss"]
[Site "Toronto CAN"]
[Date "2008.04.24"]
[Round "7"]
[White "Moysoski, Randy"]
[Black "Lamb, Bryan"]
[Result "0-1"]
[WhiteElo "1845"]
[BlackElo "2218"]
[PlyCount "64"]
[GameId "2160767910413183"]
[EventDate "2008.03.13"]
[EventType "swiss"]
[EventRounds "8"]
[EventCountry "CAN"]
[SourceTitle "EXT 2011"]
[Source "ChessBase"]
[SourceDate "2011.11.26"]
[SourceVersion "1"]
[SourceVersionDate "2011.11.26"]
[SourceQuality "1"]

1. e4 c5 2. Nc3 Nc6 3. Nge2 g6 4. d4 cxd4 5. Nxd4 Bg7 6. Be3 d6 7. Bc4 Nf6 8. f3 O-O 9. Qd2 Bd7 10. g4 Ne5 11. Be2 b5 12. b3 Qb8 13. h4 Qb7 14. a3 a5 15. Rg1 b4 16. Nd1 Nexg4 17. fxg4 e5 18. Nf3 Nxe4 19. Qc1 a4 20. Rb1 Rfc8 21. Nd2 Nc3 22. Nxc3 Rxc3 23. Nc4 d5 24. Nd2 Rxe3 25. bxa4 Qa6 26. Nc4 Rxe2+ 27. Kxe2 Qxc4+ 28. Ke1 e4 29. axb4 Bc3+ 30. Kd1 Qf1+ 31. Rxf1 Bxg4+ 32. Rf3 Bxf3# 0-1

[Event "Scarborough CC Spring Swiss"]
[Site "Toronto CAN"]
[Date "2008.04.24"]
[Round "7"]
[White "Rutherdale, William"]
[Black "Perez, Michael"]
[Result "1/2-1/2"]
[WhiteElo "1792"]
[BlackElo "1728"]
[PlyCount "74"]
[GameId "2160767910413184"]
[EventDate "2008.03.13"]
[EventType "swiss"]
[EventRounds "8"]
[EventCountry "CAN"]
[SourceTitle "EXT 2011"]
[Source "ChessBase"]
[SourceDate "2011.11.26"]
[SourceVersion "1"]
[SourceVersionDate "2011.11.26"]
[SourceQuality "1"]

1. d4 Nf6 2. c4 g6 3. Nc3 Bg7 4. g3 O-O 5. Bg2 d6 6. Nf3 c5 7. O-O Nbd7 8. Bg5 h6 9. Bf4 Nh5 10. Be3 cxd4 11. Bxd4 Nhf6 12. Rc1 Nc5 13. Nd5 Nfe4 14. Bxg7 Kxg7 15. Qd4+ e5 16. Nxe5 dxe5 17. Qxe5+ f6 18. Qd4 Bf5 19. g4 Ne6 20. Qe3 Bxg4 21. Qxe4 Bf5 22. Qe3 Rf7 23. Rfd1 Qa5 24. Be4 Bxe4 25. Qxe4 Ng5 26. Qg2 Ne6 27. Rc3 Qxa2 28. h4 Qxb2 29. h5 Rg8 30. Qe4 Nc5 31. Qe3 b6 32. hxg6 Rd7 33. Qf3 Rf8 34. Re3 Kxg6 35. Kh2 Qc2 36. Qg4+ Kf7 37. Qh5+ Qg6 1/2-1/2

[Event "Scarborough CC Spring Swiss"]
[Site "Toronto CAN"]
[Date "2008.04.24"]
[Round "7"]
[White "Wang, Jerry ZS"]
[Black "Hall, John2"]
[Result "0-1"]
[WhiteElo "1739"]
[BlackElo "2115"]
[PlyCount "52"]
[GameId "2160767910413185"]
[EventDate "2008.03.13"]
[EventType "swiss"]
[EventRounds "8"]
[EventCountry "CAN"]
[SourceTitle "EXT 2011"]
[Source "ChessBase"]
[SourceDate "2011.11.26"]
[SourceVersion "1"]
[SourceVersionDate "2011.11.26"]
[SourceQuality "1"]

1. e4 e5 2. Nf3 Nc6 3. Bb5 Nf6 4. O-O Nxe4 5. Re1 Nd6 6. Bxc6 dxc6 7. Nxe5 Be7 8. d4 O-O 9. b3 Be6 10. Ba3 Re8 11. c4 Bf6 12. Nd2 g6 13. Ne4 Nxe4 14. Rxe4 Bf5 15. Re1 Bg7 16. Rc1 f6 17. Nf3 Qd7 18. Qd2 Be4 19. Nh4 Qg4 20. f3 Qxh4 21. g3 Qh5 22. g4 Qh3 23. Rxe4 Rxe4 24. fxe4 Bh6 25. Rc3 Qxg4+ 26. Rg3 Qxg3+ 0-1

[Event "Scarborough CC Spring Swiss"]
[Site "Toronto CAN"]
[Date "2008.04.24"]
[Round "7"]
[White "Wu, Kevin"]
[Black "Bossy, John"]
[Result "1/2-1/2"]
[WhiteElo "1845"]
[BlackElo "1936"]
[PlyCount "46"]
[GameId "2160767910413186"]
[EventDate "2008.03.13"]
[EventType "swiss"]
[EventRounds "8"]
[EventCountry "CAN"]
[SourceTitle "EXT 2011"]
[Source "ChessBase"]
[SourceDate "2011.11.26"]
[SourceVersion "1"]
[SourceVersionDate "2011.11.26"]
[SourceQuality "1"]

1. e4 c6 2. d4 d5 3. f3 dxe4 4. fxe4 e5 5. Nf3 Be6 6. Be2 Nf6 7. Bg5 Qa5+ 8. Qd2 Qxd2+ 9. Nbxd2 Nbd7 10. dxe5 Ng4 11. h3 Ngxe5 12. a3 Bc5 13. O-O-O f6 14. Bf4 O-O-O 15. Rhf1 Ng6 16. Bg3 Rhe8 17. Kb1 Bf7 18. Bd3 Nde5 19. Nxe5 Nxe5 20. Bxe5 Rxe5 21. Nf3 Re7 22. Nh4 Re5 23. Nf3 Re7 1/2-1/2

[Event "Scarborough CC Spring Swiss"]
[Site "Toronto CAN"]
[Date "2008.05.01"]
[Round "8"]
[White "Kurkowski, Ken"]
[Black "Samaroo, Muneshwar"]
[Result "1/2-1/2"]
[WhiteElo "1735"]
[BlackElo "1590"]
[PlyCount "79"]
[GameId "2160767910413187"]
[EventDate "2008.03.13"]
[EventType "swiss"]
[EventRounds "8"]
[EventCountry "CAN"]
[SourceTitle "EXT 2011"]
[Source "ChessBase"]
[SourceDate "2011.11.26"]
[SourceVersion "1"]
[SourceVersionDate "2011.11.26"]
[SourceQuality "1"]

1. e4 c5 2. Nf3 d6 3. Bb5+ Nc6 4. O-O e5 5. c3 a6 6. Bxc6+ bxc6 7. d4 cxd4 8. cxd4 Bg4 9. dxe5 Bxf3 10. Qxf3 dxe5 11. Rd1 Qc7 12. Nc3 Ne7 13. Be3 Ng6 14. Rd2 Be7 15. Rad1 f6 16. Qg4 Qc8 17. Qd7+ Kf7 18. Na4 Rd8 19. Qxc8 Raxc8 20. Nc5 Rxd2 21. Rxd2 Bxc5 22. Bxc5 Rc7 23. g3 Nf8 24. Bxf8 Kxf8 25. Rd8+ Ke7 26. Ra8 Kd6 27. Rxa6 Kc5 28. Kf1 Kc4 29. Ke2 c5 30. Rd6 Ra7 31. b3+ Kb4 32. Rd2 c4 33. bxc4 Kxc4 34. Rc2+ Kd4 35. f3 g6 36. g4 Ra6 37. h4 h5 38. gxh5 gxh5 39. Rd2+ Kc3 40. Rd3+ 1/2-1/2

[Event "Scarborough CC Spring Swiss"]
[Site "Toronto CAN"]
[Date "2008.05.01"]
[Round "8"]
[White "Wu, Aaron"]
[Black "Armstrong, Robert J"]
[Result "0-1"]
[WhiteElo "1724"]
[BlackElo "1814"]
[PlyCount "94"]
[GameId "2160767910413189"]
[EventDate "2008.03.13"]
[EventType "swiss"]
[EventRounds "8"]
[EventCountry "CAN"]
[SourceTitle "EXT 2011"]
[Source "ChessBase"]
[SourceDate "2011.11.26"]
[SourceVersion "1"]
[SourceVersionDate "2011.11.26"]
[SourceQuality "1"]

1. e4 g6 2. d4 Bg7 3. Nf3 d6 4. c4 Nf6 5. Nc3 O-O 6. Be2 Nc6 7. d5 Nb8 8. Nd4 c5 9. Nc2 Na6 10. Be3 Bd7 11. Qd2 Nc7 12. Bh6 Rb8 13. Bxg7 Kxg7 14. a4 a6 15. Na3 Qe8 16. Qc2 e6 17. f3 exd5 18. cxd5 b5 19. axb5 axb5 20. Nab1 b4 21. Nd1 Nb5 22. Bxb5 Bxb5 23. b3 Nxd5 24. Kf2 Nf4 25. Nb2 Qe5 26. Rd1 Nd3+ 27. Rxd3 Bxd3 28. Nxd3 Qxa1 29. Nb2 Ra8 30. Nd2 Ra2 31. Ndc4 Rfa8 32. Kg3 Qe1+ 33. Kh3 Qc3 34. Qd1 Rxb2 35. Qxd6 Rxb3 36. Ne5 Re8 37. Nd7 Rb2 38. e5 Re2 39. Qf6+ Kg8 40. Qh4 R2xe5 41. Nf6+ Kg7 42. Qf4 Qe3 43. Nxe8+ Rxe8 44. Qc4 Re4 45. Qd5 Qh6+ 46. Qh5 Qxh5+ 47. Kg3 Qh4# 0-1

[Event "Scarborough CC Spring Swiss U1700"]
[Site "Toronto CAN"]
[Date "2008.03.13"]
[Round "1"]
[White "Farhang, Arvin"]
[Black "Philip, Andrew"]
[Result "1/2-1/2"]
[WhiteElo "1523"]
[BlackElo "1675"]
[PlyCount "64"]
[GameId "2160767910413190"]
[EventDate "2008.03.13"]
[EventType "swiss"]
[EventRounds "8"]
[EventCountry "CAN"]

1. d4 d5 2. Bg5 Nf6 3. Bxf6 exf6 4. e3 c6 5. c4 dxc4 6. Bxc4 Bd6 7. Nc3 O-O 8. Qc2 Nd7 9. O-O-O g6 10. Nf3 f5 11. h4 Nf6 12. Ne5 Be6 13. Be2 Qe7 14. h5 c5 15. hxg6 fxg6 16. Nc4 cxd4 17. Nxd6 dxc3 18. bxc3 Rad8 19. Nb5 Rc8 20. Kb1 Qc5 21. Rc1 Ne4 22. Nd4 Qb6+ 23. Ka1 Rxc3 24. Qa4 Rxc1+ 25. Rxc1 Rd8 26. Nxe6 Qxe6 27. Bc4 Rd5 28. Bxd5 Qxd5 29. Qc4 Qxc4 30. Rxc4 Nxf2 31. Rc7 Ng4 32. Re7 h5 1/2-1/2

[Event "Scarborough CC Spring Swiss U1700"]
[Site "Toronto CAN"]
[Date "2008.03.13"]
[Round "1"]
[White "Farrant, David"]
[Black "Jizan, Masoud"]
[Result "1/2-1/2"]
[WhiteElo "1523"]
[BlackElo "1622"]
[PlyCount "74"]
[GameId "2160767910413191"]
[EventDate "2008.03.13"]
[EventType "swiss"]
[EventRounds "8"]
[EventCountry "CAN"]
[SourceTitle "EXT 2011"]
[Source "ChessBase"]
[SourceDate "2011.11.26"]
[SourceVersion "1"]
[SourceVersionDate "2011.11.26"]
[SourceQuality "1"]

1. e4 c5 2. Nf3 Nc6 3. d4 cxd4 4. Nxd4 Nf6 5. Nc3 e5 6. Ndb5 a6 7. Na3 Qa5 8. Nc4 Qd8 9. Be3 b5 10. Nd6+ Bxd6 11. Qxd6 Qe7 12. Qxe7+ Nxe7 13. Be2 O-O 14. O-O-O Nc6 15. Bg5 b4 16. Nd5 Nxe4 17. Be3 Rb8 18. f3 Nf6 19. Bc4 Nxd5 20. Bxd5 Ne7 21. Bc5 Re8 22. Bc4 a5 23. Bd6 Rb6 24. Bxe5 Nf5 25. Rhe1 h5 26. Bc7 Rxe1 27. Rxe1 Rc6 28. Re8+ Kh7 29. Bd3 Rxc7 30. Bxf5+ g6 31. Bd3 d5 32. Rd8 Be6 33. Bb5 Kg7 34. Rd6 d4 35. b3 Bf5 36. Bc4 Rd7 37. Rxd7 Bxd7 1/2-1/2

[Event "Scarborough CC Spring Swiss U1700"]
[Site "Toronto CAN"]
[Date "2008.03.13"]
[Round "1"]
[White "Pishdad, Hassan"]
[Black "Azmitia, Gabriel"]
[Result "1-0"]
[WhiteElo "1174"]
[BlackElo "1541"]
[PlyCount "122"]
[GameId "2160767910413193"]
[EventDate "2008.03.13"]
[EventType "swiss"]
[EventRounds "8"]
[EventCountry "CAN"]
[SourceTitle "EXT 2011"]
[Source "ChessBase"]
[SourceDate "2011.11.26"]
[SourceVersion "1"]
[SourceVersionDate "2011.11.26"]
[SourceQuality "1"]

1. e4 c5 2. Bc4 e6 3. Nc3 Be7 4. Nf3 a6 5. d4 b5 6. Be2 cxd4 7. Qxd4 Nc6 8. Qxg7 Bf6 9. Qg3 Nge7 10. Qf4 Ng6 11. Qd2 Nce7 12. Qd3 h6 13. g3 Bg7 14. h4 Qc7 15. Bd2 Bb7 16. h5 Ne5 17. Nxe5 Bxe5 18. Bf3 O-O-O 19. O-O-O Nc6 20. a3 d6 21. Be3 Rd7 22. Qe2 Bg7 23. Bf4 e5 24. Be3 Rhd8 25. Bg4 Nd4 26. Bxd7+ Qxd7 27. Bxd4 exd4 28. Nd5 Bxd5 29. exd5 Re8 30. Qd2 Qf5 31. Rde1 Re5 32. Rxe5 dxe5 33. g4 Qxg4 34. Qa5 Qg5+ 35. Kb1 Qf6 36. Qd2 Bf8 37. Rg1 Qh8 38. Qa5 Qf6 39. Rg8 Qd6 40. a4 b4 41. Rxf8+ Qxf8 42. Qxa6+ Kb8 43. Qb6+ Ka8 44. Qf6 d3 45. cxd3 Qc8 46. Qc6+ Qxc6 47. dxc6 Kb8 48. Kc2 Kc7 49. Kb3 Kxc6 50. Kxb4 f5 51. Kc4 Kb6 52. b4 Kc6 53. a5 e4 54. dxe4 fxe4 55. b5+ Kb7 56. Kc5 e3 57. fxe3 Ka7 58. Kc6 Kb8 59. b6 Ka8 60. b7+ Ka7 61. Kc7 Ka6 1-0

[Event "Scarborough CC Spring Swiss U1700"]
[Site "Toronto CAN"]
[Date "2008.03.13"]
[Round "1"]
[White "Roe, Jim"]
[Black "Farrant-Diaz, Nathan"]
[Result "1-0"]
[WhiteElo "1603"]
[BlackElo "1525"]
[PlyCount "55"]
[GameId "2160767910413194"]
[EventDate "2008.03.13"]
[EventType "swiss"]
[EventRounds "8"]
[EventCountry "CAN"]
[SourceTitle "EXT 2011"]
[Source "ChessBase"]
[SourceDate "2011.11.26"]
[SourceVersion "1"]
[SourceVersionDate "2011.11.26"]
[SourceQuality "1"]

1. d4 b6 2. c4 Bb7 3. Nc3 e6 4. Nf3 Nf6 5. e3 d5 6. Bd2 Be7 7. Rc1 O-O 8. Be2 dxc4 9. Bxc4 h6 10. O-O Nc6 11. a3 Qd7 12. Qe2 Rfd8 13. Rfd1 a6 14. Be1 b5 15. Ba2 Nd5 16. g3 Nxc3 17. Bxc3 Bf6 18. d5 Bxc3 19. dxe6 Qe7 20. exf7+ Kf8 21. Rxc3 Rxd1+ 22. Qxd1 Rd8 23. Rd3 Qf6 24. Rxd8+ Nxd8 25. Ne5 Bc6 26. Ng6+ Qxg6 27. Qxd8+ Be8 28. Qxe8# 1-0

[Event "Scarborough CC Spring Swiss U1700"]
[Site "Toronto CAN"]
[Date "2008.03.13"]
[Round "1"]
[White "Xia, Linda"]
[Black "Graham, John"]
[Result "1-0"]
[WhiteElo "1326"]
[BlackElo "1574"]
[PlyCount "68"]
[GameId "2160767910413195"]
[EventDate "2008.03.13"]
[EventType "swiss"]
[EventRounds "8"]
[EventCountry "CAN"]
[SourceTitle "EXT 2011"]
[Source "ChessBase"]
[SourceDate "2011.11.26"]
[SourceVersion "1"]
[SourceVersionDate "2011.11.26"]
[SourceQuality "1"]

1. d4 e6 2. c4 g6 3. Nc3 Bg7 4. e3 Ne7 5. Nf3 d5 6. Bd3 O-O 7. O-O Nbc6 8. Re1 Nb4 9. Bf1 dxc4 10. Bxc4 c6 11. b3 Qa5 12. Bb2 Rd8 13. Qc1 b5 14. Bf1 Bb7 15. Be2 Rac8 16. a3 Nbd5 17. b4 Qc7 18. Ne4 Nb6 19. Qc2 Na4 20. Rad1 Nxb2 21. Qxb2 c5 22. Nxc5 a5 23. Rc1 Qb8 24. bxa5 Qa7 25. Qxb5 Bxf3 26. Bxf3 Rb8 27. Qa6 Nc8 28. Qxa7 Nxa7 29. a6 Bf8 30. Bb7 h6 31. a4 h5 32. Rc2 Bh6 33. Rec1 Rxd4 34. Rb1 Rd6 1-0

[Event "Scarborough CC Spring Swiss U1700"]
[Site "Toronto CAN"]
[Date "2008.03.13"]
[Round "1"]
[White "Xie, Peter"]
[Black "Douglas, Steven"]
[Result "0-1"]
[WhiteElo "1377"]
[BlackElo "1597"]
[PlyCount "54"]
[GameId "2160767910413196"]
[EventDate "2008.03.13"]
[EventType "swiss"]
[EventRounds "8"]
[EventCountry "CAN"]
[SourceTitle "EXT 2011"]
[Source "ChessBase"]
[SourceDate "2011.11.26"]
[SourceVersion "1"]
[SourceVersionDate "2011.11.26"]
[SourceQuality "1"]

1. e4 g6 2. d4 Bg7 3. c4 d6 4. Nf3 Nf6 5. Nc3 O-O 6. h3 e5 7. dxe5 dxe5 8. Bg5 c6 9. Qxd8 Rxd8 10. Be2 Re8 11. O-O Nbd7 12. Rab1 a5 13. a3 Nc5 14. Bxf6 Bxf6 15. b4 Ne6 16. Rfe1 Nd4 17. Bd1 axb4 18. axb4 Ra3 19. Re3 Bg7 20. Kh1 Be6 21. c5 Rea8 22. Ba4 Rxc3 23. Rxc3 Rxa4 24. Rd3 Ra2 25. Nxd4 exd4 26. Rf3 Bc4 27. Rc1 Bb5 0-1

[Event "Scarborough CC Spring Swiss U1700"]
[Site "Toronto CAN"]
[Date "2008.03.20"]
[Round "2"]
[White "Douglas, Steven"]
[Black "Xia, Linda"]
[Result "1-0"]
[WhiteElo "1597"]
[BlackElo "1373"]
[PlyCount "81"]
[GameId "2160767910413197"]
[EventDate "2008.03.13"]
[EventType "swiss"]
[EventRounds "8"]
[EventCountry "CAN"]
[SourceTitle "EXT 2011"]
[Source "ChessBase"]
[SourceDate "2011.11.26"]
[SourceVersion "1"]
[SourceVersionDate "2011.11.26"]
[SourceQuality "1"]

1. e4 e6 2. g3 d5 3. e5 Nd7 4. Nf3 Ne7 5. b3 Ng6 6. Bb2 a6 7. Bg2 Be7 8. O-O O-O 9. d3 c5 10. Nbd2 b6 11. Re1 Qc7 12. c4 Bb7 13. cxd5 Bxd5 14. Nb1 Rfd8 15. Nc3 Bc6 16. Qe2 Ndf8 17. Rad1 b5 18. Rd2 b4 19. Ne4 a5 20. h4 a4 21. h5 Nh8 22. Nh4 g6 23. Qe3 gxh5 24. Qh6 Bxe4 25. Bxe4 Bxh4 26. Bxa8 Rxa8 27. gxh4 Nhg6 28. Qg5 h6 29. Qxh5 Qe7 30. Re4 Kh7 31. Bc1 axb3 32. axb3 Ra1 33. Rd1 Rb1 34. Kg2 Rxb3 35. Qxh6+ Kg8 36. Bg5 Nf4+ 37. Rxf4 Qb7+ 38. Kg3 Rxd3+ 39. Rxd3 Nh7 40. Rd8+ Nf8 41. Rxf8# 1-0

[Event "Scarborough CC Spring Swiss U1700"]
[Site "Toronto CAN"]
[Date "2008.03.20"]
[Round "2"]
[White "Jizan, Masoud"]
[Black "Ben Avraham, Mark"]
[Result "1-0"]
[WhiteElo "1622"]
[BlackElo "1421"]
[PlyCount "43"]
[GameId "2160767910413198"]
[EventDate "2008.03.13"]
[EventType "swiss"]
[EventRounds "8"]
[EventCountry "CAN"]
[SourceTitle "EXT 2011"]
[Source "ChessBase"]
[SourceDate "2011.11.26"]
[SourceVersion "1"]
[SourceVersionDate "2011.11.26"]
[SourceQuality "1"]

1. e4 e5 2. Nf3 Nc6 3. Nc3 Bc5 4. Bc4 d6 5. h3 Be6 6. Bxe6 fxe6 7. d3 Nge7 8. Ng5 O-O 9. Qh5 Bxf2+ 10. Kd1 Rf6 11. Qxh7+ Kf8 12. Qh8+ Ng8 13. Nh7+ Kf7 14. Nxf6 Qxf6 15. Qh5+ g6 16. Qe2 Nd4 17. Qg4 Nh6 18. Bxh6 Bh4 19. Be3 Rh8 20. Kd2 Qe7 21. Raf1+ Bf6 22. Bg5 1-0

[Event "Scarborough CC Spring Swiss U1700"]
[Site "Toronto CAN"]
[Date "2008.03.20"]
[Round "2"]
[White "Pishdad, Hassan"]
[Black "Ward, Dean"]
[Result "0-1"]
[WhiteElo "1174"]
[BlackElo "1578"]
[PlyCount "70"]
[GameId "2160767910413200"]
[EventDate "2008.03.13"]
[EventType "swiss"]
[EventRounds "8"]
[EventCountry "CAN"]
[SourceTitle "EXT 2011"]
[Source "ChessBase"]
[SourceDate "2011.11.26"]
[SourceVersion "1"]
[SourceVersionDate "2011.11.26"]
[SourceQuality "1"]

1. e4 c5 2. Bc4 Nc6 3. Nc3 Nf6 4. d3 Na5 5. e5 Nxc4 6. exf6 Ne5 7. Bf4 exf6 8. Qe2 d6 9. Nf3 Bg4 10. Qe4 Bxf3 11. gxf3 Qb6 12. O-O-O Qc6 13. d4 Qxe4 14. fxe4 Ng6 15. Be3 Rc8 16. Nb5 a6 17. Nc3 Be7 18. h4 cxd4 19. Rxd4 Ne5 20. f4 Nc6 21. Rd2 O-O 22. a3 Rfe8 23. Nd5 Bf8 24. Nc3 Na5 25. Bb6 Nc4 26. Re1 Nxb6 27. Ree2 Nc4 28. Rd5 Nxa3 29. bxa3 Rxc3 30. Kb2 Rf3 31. Rf5 Be7 32. Rg2 Kh8 33. h5 Re3 34. e5 dxe5 35. fxe5 Rxe5 0-1

[Event "Scarborough CC Spring Swiss U1700"]
[Site "Toronto CAN"]
[Date "2008.03.20"]
[Round "2"]
[White "Song, Michael"]
[Black "Xie, Peter"]
[Result "1-0"]
[WhiteElo "1331"]
[BlackElo "1377"]
[PlyCount "53"]
[GameId "2160767910413201"]
[EventDate "2008.03.13"]
[EventType "swiss"]
[EventRounds "8"]
[EventCountry "CAN"]
[SourceTitle "EXT 2011"]
[Source "ChessBase"]
[SourceDate "2011.11.26"]
[SourceVersion "1"]
[SourceVersionDate "2011.11.26"]
[SourceQuality "1"]

1. d4 d5 2. c4 e6 3. Nf3 Nd7 4. e3 b6 5. Nc3 Ngf6 6. cxd5 Nxd5 7. Bd3 Bb4 8. Bd2 Bb7 9. Nxd5 Bxd2+ 10. Qxd2 Bxd5 11. e4 Bb7 12. O-O O-O 13. Rac1 c5 14. d5 exd5 15. exd5 Nf6 16. Rfd1 Qd6 17. Bc4 Rfd8 18. Re1 Kf8 19. Rc3 Re8 20. Rce3 Rxe3 21. Rxe3 Rd8 22. Ng5 a6 23. Qd3 g6 24. Rf3 h6 25. Rxf6 Qe5 26. Rxf7+ Kg8 27. Qxg6+ 1-0